Statistics for US State Capital to State Randomised Quiz

Click here to take the quiz!

General Stats

  • This quiz has been taken 24 times
  • The average score is 19 of 20

Answer Stats

HintAnswer% Correct
MontgomeryAlabama
100%
JuneauAlaska
100%
PhoenixArizona
100%
SacramentoCalifornia
100%
DenverColorado
100%
HartfordConnecticut
100%
TallahasseeFlorida
100%
HonoluluHawaii
100%
BoiseIdaho
100%
SpringfieldIllinois
100%
IndianapolisIndiana
100%
Des MoinesIowa
100%
Baton RougeLouisiana
100%
AugustaMaine
100%
BostonMassachusetts
100%
LansingMichigan
100%
Saint PaulMinnesota
100%
Jefferson CityMissouri
100%
LincolnNebraska
100%
Carson CityNevada
100%
Santa FeNew Mexico
100%
AlbanyNew York
100%
RaleighNorth Carolina
100%
BismarckNorth Dakota
100%
ColumbusOhio
100%
Oklahoma CityOklahoma
100%
ProvidenceRhode Island
100%
PierreSouth Dakota
100%
NashvilleTennessee
100%
Salt Lake CityUtah
100%
RichmondVirginia
100%
OlympiaWashington
100%
CharlestonWest Virginia
100%
MadisonWisconsin
100%
JacksonMississippi
90%
ConcordNew Hampshire
89%
Little RockArkansas
88%
FrankfortKentucky
88%
AnnapolisMaryland
88%
HarrisburgPennsylvania
88%
SalemOregon
86%
CheyenneWyoming
86%
DoverDelaware
83%
TopekaKansas
83%
HelenaMontana
83%
TrentonNew Jersey
83%
ColumbiaSouth Carolina
80%
AustinTexas
80%
AtlantaGeorgia
50%
MontpelierVermont
50%

Score Distribution

Percentile by Number Answered

Percent of People with Each Score

Your Score History

You have not taken this quiz